Structural characterization of novel Nickel and Copper oxides

Gespeichert in:
Bibliographische Detailangaben
1. Verfasser: Bujdák, Radovan (Verfasst von)
Weitere Verfasser: Derzsi, Mariana (Betreuung Doktorarbeit)
Format: Manuskript Buch
Sprache:Slowakisch
Englisch
Veröffentlicht: 2025
Schlagworte:
Online-Zugang:http://is.stuba.sk/zp/portal_zp.pl?podrobnosti=195735
Tags: Tag hinzufügen
Keine Tags, Fügen Sie das erste Tag hinzu!

MARC

LEADER 00000ntm a22000003a 4500
001 stuzp105509
003 SK-STU
005 20250830210523.3
007 ta
008 150427s2015----xo-----f-mn---000-0-slo-d
040 |a STU  |b slo 
041 0 |a eng 
100 1 |a Bujdák, Radovan  |u 067000  |k Z2  |4 aut  |U MTF Materiálovotechnologická fakulta  |T MTF Ústav výskumu progresívnych technológií  |X 75997  |U MN7000  |Y 87  |7 75997 
242 0 1 |a Štrukturálna charakterizácia nových oxidov Niklu a Medi  |y slo 
245 1 0 |a Structural characterization of novel Nickel and Copper oxides 
260 |c 2025 
650 4 |a Rontgenová Difrakcia  |2 slo 
650 4 |a Oxidy Niklu  |2 slo 
650 4 |a Evolučné Algoritmy  |2 slo 
650 4 |a Teória Funkcionálu Hustoty  |2 slo 
650 4 |a Oxidy medi  |2 slo 
650 4 |a Evolutionary Algorithms  |2 eng 
650 4 |a Density Functional Theory  |2 eng 
650 4 |a Nickel oxides  |2 eng 
650 4 |a X-ray Diffraction  |2 eng 
650 4 |a Copper oxides  |2 eng 
700 1 |a Derzsi, Mariana  |u 067000  |k Z2  |4 ths  |U MTF Materiálovotechnologická fakulta  |T MTF Ústav výskumu progresívnych technológií  |X 95357  |U MN7000  |Y 87  |7 95357 
856 4 |u http://is.stuba.sk/zp/portal_zp.pl?podrobnosti=195735 
996 |c M* DzP-728  |l MMSKP  |s P  |a 0  |w stuzp105509_0001